000 00688nam a2200241Ia 4500
003 OSt
005 20220930065527.0
006 a|||||r|||| 00| 0
007 ta
008 220926b |||||||| |||| 00| 0 eng d
024 _a5730
037 _cTheses
040 _aCRL
_cCRL
_beng
041 _2eng
_aeng
100 _aPrem Nath
110 _aUniversity of Delhi. Faculty of Mathematical Sciences. Department of Mathematics
245 0 _aContribution to information theory
260 _c1968
650 _aMATHEMATICS
700 _aUniversity of Delhi. Faculty of Mathematical Sciences. Department of Mathematics
942 _cDIS
_2CC
999 _c859673
_d859673